000 00932nam a2200277 i 4500
001 bg
100 1 _aBOWLES, Vittoria
245 0 0 _aJęzyk włoski dla początkujących /
_cVittoria Bowles ; przeł. Barbara Piotrowska, Barbara Sławomirska.
246 _iTyt. oryg.:
_aBeginner's Italian
250 _aWyd.2.
260 _aKraków :
_bWydawnictwo Literackie,
_c2002.
300 _a235, [5] s. :
_brys. ;
_c20 cm +
_ekaseta dźw.
490 1 _aUcz się Sam. Języki Obce
500 _aTyt. oryg.: "Beginner's Italian".
650 9 _aJęzyk włoski
655 _aPodręczniki
830 0 _aUcz się Sam.
_pJęzyki Obce
020 _a8308031765
040 _cBPK
041 1 _aitpl
_hen
080 _a811.131.1(07)
920 _a83-08-03176-5
942 _cKS
008 s pl f |000 0 pol
999 _c41634
_d41634